[Event "Ontario ch (1995)"]
[Site "Toronto CAN"]
[Date "1996.??.??"]
[Round "7"]
[White "Findlay, Ian"]
[Black "Campbell, Brett"]
[Result "1-0"]
[WhiteElo "2345"]
[BlackElo "2220"]
[PlyCount "97"]
[EventDate "1996.01.??"]
[EventType "tourn"]
[EventRounds "9"]
[EventCountry "CAN"]
[EventCategory "3"]

1. e4 Nf6 2. e5 Nd5 3. d4 d6 4. Nf3 g6 5. Bc4 Nb6 6. Bb3 Bg7 7. Ng5 d5 8. f4 h6
9. Nf3 Bg4 10. Nbd2 e6 11. c3 Nc6 12. h3 Bxf3 13. Nxf3 h5 14. g3 a5 15. a4 Ne7
16. Kf2 Qd7 17. Bc2 O-O-O 18. b3 Nf5 19. Kg2 Kb8 20. Qe2 c6 21. Bd2 Rdg8 22. g4
hxg4 23. hxg4 Ne7 24. c4 Rxh1 25. Rxh1 Rh8 26. Rxh8+ Bxh8 27. Bxa5 Nbc8 28. c5
Bg7 29. Qe1 Qe8 30. Qh4 Qf8 31. Bd2 Bh6 32. Bd3 Kc7 33. b4 Ng8 34. Qe1 Nce7 35.
b5 Qa8 36. b6+ Kd7 37. a5 Bg7 38. Ng5 Nh6 39. Qh4 Qh8 40. Nf3 f5 41. exf6 Bxf6
42. Ne5+ Bxe5 43. fxe5 Nf7 44. Qxh8 Nxh8 45. Bg5 Ng8 46. Kg3 Nf7 47. Kf4 Nd8
48. Bxd8 Kxd8 49. Kg5 1-0

[Event "Ontario ch (1995)"]
[Site "Toronto CAN"]
[Date "1996.??.??"]
[Round "8"]
[White "Livshits, Ron"]
[Black "Day, Lawrence"]
[Result "1/2-1/2"]
[WhiteElo "2420"]
[BlackElo "2400"]
[PlyCount "34"]
[EventDate "1996.01.??"]
[EventType "tourn"]
[EventRounds "9"]
[EventCountry "CAN"]
[EventCategory "3"]

1. e4 e5 2. Nf3 Nc6 3. Bb5 Nf6 4. O-O Nxe4 5. d4 Nd6 6. Bxc6 dxc6 7. dxe5 Nf5
8. Qxd8+ Kxd8 9. Nc3 Be7 10. b3 Nh4 11. Ng5 Ke8 12. Nge4 Bf5 13. Bb2 Rd8 14.
Rfe1 h5 15. Rad1 Rh6 16. Rxd8+ Bxd8 17. Re2 Be7 1/2-1/2

[Event "Ontario ch (1995)"]
[Site "Toronto CAN"]
[Date "1996.??.??"]
[Round "8"]
[White "Peckford, William"]
[Black "Dougherty, Michael"]
[Result "1-0"]
[WhiteElo "2285"]
[BlackElo "2235"]
[PlyCount "51"]
[EventDate "1996.01.??"]
[EventType "tourn"]
[EventRounds "9"]
[EventCountry "CAN"]
[EventCategory "3"]

1. d4 d5 2. c4 dxc4 3. Nf3 b5 4. a4 c6 5. e3 Qb6 6. b3 cxb3 7. axb5 e5 8. Qxb3
Be6 9. Qa4 e4 10. Nfd2 Nf6 11. Nc3 c5 12. Ncxe4 Nbd7 13. dxc5 Nxc5 14. Nxf6+
gxf6 15. Qh4 Rg8 16. Qxh7 Rg6 17. h4 Nb3 18. Ra6 Rc8 19. Bb2 Bb4 20. Rxb6 Bxd2+
21. Kd1 axb6 22. h5 Rg5 23. h6 Bc3 24. Qh8+ Ke7 25. Qxc8 Bxc8 26. Bxc3 1-0

[Event "Ontario ch (1995)"]
[Site "Toronto CAN"]
[Date "1996.??.??"]
[Round "8"]
[White "Teodoro, Eduardo"]
[Black "Findlay, Ian"]
[Result "0-1"]
[WhiteElo "2265"]
[BlackElo "2345"]
[PlyCount "67"]
[EventDate "1996.01.??"]
[EventType "tourn"]
[EventRounds "9"]
[EventCountry "CAN"]
[EventCategory "3"]

1. e4 c5 2. Nf3 d6 3. d4 cxd4 4. Nxd4 Nf6 5. Nc3 g6 6. Be3 Bg7 7. f3 Nc6 8. Qd2
O-O 9. Bc4 Bd7 10. Nxc6 bxc6 11. Rd1 Qb8 12. Bb3 Rc8 13. O-O c5 14. Nd5 Nxd5
15. Bxd5 Bc6 16. b3 a5 17. f4 Qb4 18. Qd3 Bxd5 19. Qxd5 e6 20. Qd3 c4 21. Qxd6
cxb3 22. cxb3 Qxe4 23. Qd3 Qb4 24. Rc1 a4 25. Rc4 Rxc4 26. bxc4 Qb2 27. Qe4 Rd8
28. c5 Qxa2 29. c6 Qb3 30. c7 Rc8 31. Rb1 Bb2 32. Bd2 a3 33. Qc6 a2 34. Rf1 0-1

[Event "Ontario ch (1995)"]
[Site "Toronto CAN"]
[Date "1996.??.??"]
[Round "9"]
[White "Day, Lawrence"]
[Black "Campbell, Brett"]
[Result "1-0"]
[WhiteElo "2400"]
[BlackElo "2220"]
[PlyCount "117"]
[EventDate "1996.01.??"]
[EventType "tourn"]
[EventRounds "9"]
[EventCountry "CAN"]
[EventCategory "3"]

1. e4 g6 2. Nc3 Bg7 3. f4 d6 4. Nf3 c5 5. Bc4 Nc6 6. d3 e6 7. a3 Nge7 8. Ba2
O-O 9. Bd2 Rb8 10. Rb1 b5 11. Ne2 a5 12. c3 b4 13. O-O Qb6 14. Rc1 c4+ 15. d4
b3 16. Bb1 f5 17. Kh1 d5 18. exf5 exf5 19. Be1 Bd7 20. Bh4 Nc8 21. h3 Nd6 22.
Ne5 Qc7 23. Ng1 Rbe8 24. Ngf3 Ne4 25. Nxc6 Bxc6 26. Ne5 Bd7 27. Qe1 Be6 28. Qe3
Bf6 29. Bxe4 fxe4 30. Bxf6 Rxf6 31. Rf2 Ref8 32. Rcf1 Qg7 33. g4 Bc8 34. Kh2
Kh8 35. Kg3 Rg8 36. Rh1 a4 37. Kg2 Rgf8 38. Kf1 g5 39. f5 Rh6 40. h4 Rxh4 41.
Rxh4 gxh4 42. Rh2 Qf6 43. Ke2 Kg7 44. Qf2 Rh8 45. Qxh4 Qxh4 46. Rxh4 h5 47. Ng6
Rh6 48. Ne7 hxg4 49. Rxh6 Kxh6 50. Nxc8 Kg5 51. Ne7 g3 52. Nxd5 Kxf5 53. Ne3+
Kf4 54. Nxc4 g2 55. Kf2 e3+ 56. Kxg2 Ke4 57. Ne5 e2 58. Kf2 e1=Q+ 59. Kxe1 1-0

[Event "Ontario ch (1995)"]
[Site "Toronto CAN"]
[Date "1996.??.??"]
[Round "9"]
[White "Dougherty, Michael"]
[Black "Beckwith, Paul"]
[Result "1-0"]
[WhiteElo "2235"]
[BlackElo "2280"]
[PlyCount "107"]
[EventDate "1996.01.??"]
[EventType "tourn"]
[EventRounds "9"]
[EventCountry "CAN"]
[EventCategory "3"]

1. Nf3 c5 2. b3 d5 3. e3 Bg4 4. h3 Bh5 5. Bb5+ Nc6 6. g4 Bg6 7. Ne5 Qd6 8. Bb2
f6 9. Bxc6+ bxc6 10. Nxg6 hxg6 11. d3 e5 12. c4 Rd8 13. Nc3 f5 14. gxf5 gxf5
15. Qf3 d4 16. Na4 g6 17. O-O-O Nf6 18. Kc2 Nd7 19. Qg3 Kf7 20. Rhg1 Be7 21.
Ba3 Rh6 22. exd4 exd4 23. Rh1 Qxg3 24. fxg3 Rdh8 25. h4 Bd6 26. Rhg1 Re8 27.
Bc1 Rhh8 28. Bg5 Re6 29. Kd2 Ne5 30. Rgf1 Ng4 31. Rfe1 Rhe8 32. Rxe6 Rxe6 33.
Bf4 Nh2 34. Rh1 Nf3+ 35. Kd1 Ke7 36. h5 gxh5 37. Rxh5 Bxf4 38. gxf4 Re1+ 39.
Kc2 Re2+ 40. Kc1 Rxa2 41. Rxf5 Ke6 42. Rh5 Ng1 43. Nxc5+ Kf7 44. Ne4 Ra1+ 45.
Kb2 Rd1 46. Kc2 Ra1 47. f5 a5 48. f6 a4 49. bxa4 Rxa4 50. Rh7+ Kf8 51. Nc5 Ra2+
52. Kb3 Rf2 53. Ne6+ Ke8 54. Re7# 1-0

[Event "Ontario ch (1995)"]
[Site "Toronto CAN"]
[Date "1996.??.??"]
[Round "9"]
[White "Findlay, Ian"]
[Black "Peckford, William"]
[Result "1-0"]
[WhiteElo "2345"]
[BlackElo "2285"]
[PlyCount "57"]
[EventDate "1996.01.??"]
[EventType "tourn"]
[EventRounds "9"]
[EventCountry "CAN"]
[EventCategory "3"]

1. e4 c5 2. Nf3 d6 3. d4 cxd4 4. Nxd4 Nf6 5. Nc3 g6 6. Be3 Bg7 7. f3 O-O 8. Qd2
Nc6 9. Bc4 Bd7 10. O-O-O Ne5 11. Bb3 Rc8 12. h4 h5 13. Bg5 Rc5 14. Kb1 b5 15.
Rhe1 a5 16. f4 Nc4 17. Bxc4 bxc4 18. Bxf6 exf6 19. f5 Qa8 20. Qf4 Rb8 21. Ka1
Qb7 22. Rb1 gxf5 23. exf5 Re5 24. Red1 Kh7 25. g4 hxg4 26. Qxg4 Bh6 27. Qh5 Bc8
28. Rg1 Re3 29. Rg6 1-0

[Event "Ontario op"]
[Site "Kitchener CAN"]
[Date "1996.05.18"]
[Round "1"]
[White "Pacey, Kevin"]
[Black "Palsson, Halldor"]
[Result "1/2-1/2"]
[WhiteElo "2257"]
[BlackElo "2093"]
[PlyCount "69"]
[EventDate "1996.05.18"]
[EventType "swiss"]
[EventRounds "6"]
[EventCountry "CAN"]

1. e4 e6 2. d4 d5 3. Nc3 Bb4 4. e5 c5 5. a3 Bxc3+ 6. bxc3 Ne7 7. Nf3 Nbc6 8.
Be2 Qa5 9. O-O Bd7 10. Bd2 f6 11. c4 Qc7 12. cxd5 Nxd5 13. c4 Nde7 14. exf6
gxf6 15. d5 exd5 16. cxd5 Nxd5 17. Bc4 Nde7 18. Qc1 O-O-O 19. Bf4 Ne5 20. Nxe5
fxe5 21. Bg5 Rde8 22. Bf7 Ref8 23. Qc4 Nf5 24. Be6 b6 25. Rae1 Nd4 26. Bxd7+
Qxd7 27. Rxe5 Rf7 28. Rd5 Qc7 29. Be3 Nc6 30. Qg4+ Kb7 31. Rfd1 Rd8 32. Rxd8
Nxd8 33. g3 Nc6 34. Qe4 Rd7 35. Rxd7 1/2-1/2

[Event "Ontario op"]
[Site "Kitchener CAN"]
[Date "1996.05.18"]
[Round "2"]
[White "Taylor, Gordon"]
[Black "McTavish, Dale"]
[Result "1-0"]
[WhiteElo "2445"]
[BlackElo "2201"]
[PlyCount "55"]
[EventDate "1996.05.18"]
[EventType "swiss"]
[EventRounds "6"]
[EventCountry "CAN"]

1. d4 Nf6 2. c4 g6 3. Nc3 d5 4. cxd5 Nxd5 5. e4 Nxc3 6. bxc3 Bg7 7. Bc4 c5 8.
Ne2 Nc6 9. Be3 O-O 10. O-O cxd4 11. cxd4 Bg4 12. f3 Na5 13. Bxf7+ Rxf7 14. fxg4
Rxf1+ 15. Kxf1 Qd6 16. e5 Qa6 17. Kg1 Rc8 18. Ng3 Rc3 19. Qf3 Qe6 20. Ne4 Rc2
21. Ng5 Qc6 22. Qf7+ Kh8 23. d5 Qc8 24. Ne6 Qg8 25. Rf1 Nc4 26. Bg5 Nxe5 27.
Qxe7 Nxg4 28. h3 1-0

[Event "Ontario op"]
[Site "Kitchener CAN"]
[Date "1996.05.18"]
[Round "2"]
[White "Teodoro, Eduardo"]
[Black "Brown, Grant"]
[Result "1-0"]
[WhiteElo "2422"]
[BlackElo "1966"]
[PlyCount "35"]
[EventDate "1996.05.18"]
[EventType "swiss"]
[EventRounds "6"]
[EventCountry "CAN"]

1. e4 e5 2. Nf3 Nc6 3. Bb5 f5 4. d3 Nf6 5. Nc3 d6 6. a4 Be7 7. Bc4 fxe4 8. dxe4
Bg4 9. h3 Bh5 10. Be3 Qd7 11. Qd2 Bg6 12. Ng5 Nd8 13. O-O-O h6 14. Nf3 Nxe4 15.
Qd3 Qf5 16. Nd5 Ne6 17. Nxe7 Kxe7 18. Nh4 1-0

[Event "Ontario op"]
[Site "Kitchener CAN"]
[Date "1996.05.18"]
[Round "2"]
[White "Tipu, Vincent"]
[Black "Pacey, Kevin"]
[Result "0-1"]
[WhiteElo "2350"]
[BlackElo "2257"]
[PlyCount "112"]
[EventDate "1996.05.18"]
[EventType "swiss"]
[EventRounds "6"]
[EventCountry "CAN"]

1. e4 c5 2. d4 cxd4 3. Nf3 d6 4. Nxd4 Nf6 5. Nc3 g6 6. Be3 Bg7 7. h3 Nc6 8. Bc4
Bd7 9. O-O a6 10. Bb3 Na5 11. f4 Nxb3 12. axb3 O-O 13. Qe1 e5 14. fxe5 dxe5 15.
Nf3 Qc7 16. Qh4 Bc6 17. Rae1 Nh5 18. Ne2 h6 19. Nh2 Qd8 20. Qf2 Qf6 21. Ng4
Qxf2+ 22. Rxf2 f6 23. Nc3 Kh7 24. Bc5 Rfe8 25. g3 Rad8 26. Kh2 Rd7 27. Ne3 Rc8
28. Nc4 Bb5 29. Nxb5 Rxc5 30. Nb6 Rd8 31. Nc3 f5 32. Ree2 Rc6 33. Nbd5 f4 34.
g4 Ng3 35. Rd2 Rxc3 36. bxc3 Nxe4 37. Kg2 g5 38. c4 Nxd2 39. Rxd2 e4 40. Rd1 h5
41. gxh5 Kh6 42. h4 gxh4 43. Re1 f3+ 44. Kh3 Re8 45. Kxh4 f2 46. Rf1 Bd4 47.
Nf4 Rg8 48. Ne2 Bf6+ 49. Kh3 e3 50. Kh2 Be5+ 51. Kh1 Kxh5 52. Rd1 Kh4 53. Nc1
Kh3 54. Ne2 Rg2 55. Ng1+ fxg1=Q+ 56. Rxg1 Rh2# 0-1

[Event "Ontario op"]
[Site "Kitchener CAN"]
[Date "1996.05.19"]
[Round "3"]
[White "Jung, Hans"]
[Black "Taylor, Gordon"]
[Result "0-1"]
[WhiteElo "2317"]
[BlackElo "2445"]
[PlyCount "94"]
[EventDate "1996.05.18"]
[EventType "swiss"]
[EventRounds "6"]
[EventCountry "CAN"]

1. e4 c5 2. Nf3 Nc6 3. h3 g6 4. c3 Nf6 5. Qa4 d6 6. e5 Nd5 7. Qe4 Nc7 8. exd6
Qxd6 9. Na3 Bg7 10. Nb5 Nxb5 11. Bxb5 Bf5 12. Qe3 a6 13. Be2 O-O 14. O-O Rad8
15. d3 Bxd3 16. Bxd3 Qxd3 17. Qxc5 Rd5 18. Qb6 Rb5 19. Qc7 Qd8 20. Qg3 Qd7 21.
Re1 Rd8 22. a4 Rd5 23. Be3 Qf5 24. Bb6 R8d7 25. Rac1 Rd3 26. Qh4 Rxf3 27. gxf3
Ne5 28. Rxe5 Bxe5 29. Qg4 Qd3 30. Re1 f5 31. Qg2 Bf4 32. Be3 Bxe3 33. fxe3 Qd2
34. Qe2 Kg7 35. Kf2 Qd6 36. Kg2 Qe5 37. Qc2 f4 38. Qe4 Rd2+ 39. Kf1 Qxe4 40.
fxe4 f3 41. Rb1 Kf6 42. b4 Ke5 43. c4 Rc2 44. c5 Kxe4 45. Rb3 e5 46. Ke1 g5 47.
a5 h5 0-1

[Event "Ontario op"]
[Site "Kitchener CAN"]
[Date "1996.05.19"]
[Round "3"]
[White "Olheiser, Gordon"]
[Black "Pacey, Kevin"]
[Result "1-0"]
[WhiteElo "2156"]
[BlackElo "2257"]
[PlyCount "79"]
[EventDate "1996.05.18"]
[EventType "swiss"]
[EventRounds "6"]
[EventCountry "CAN"]

1. e4 b6 2. Nf3 Bb7 3. Bc4 e6 4. d3 Nf6 5. Nc3 d5 6. exd5 exd5 7. Bb5+ c6 8.
Ba4 Bd6 9. Qe2+ Qe7 10. Qxe7+ Kxe7 11. Nd4 Re8 12. O-O Kd8 13. Bg5 b5 14. Bb3
Nbd7 15. Nf5 Bf8 16. Rfe1 Rxe1+ 17. Rxe1 Nc5 18. d4 Nxb3 19. axb3 Bc8 20. Nh6
Be6 21. Ng8 Be7 22. Bxf6 Bxf6 23. Nxf6 gxf6 24. Nd1 Bf5 25. Ne3 Bg6 26. Ra1 h5
27. b4 Kc7 28. f3 Kb7 29. Kf2 Re8 30. Ra3 f5 31. Kg3 f6 32. Kf4 h4 33. h3 Re7
34. Ra1 Kb6 35. Rd1 a5 36. bxa5+ Kxa5 37. Rd2 Kb4 38. Nxf5 Bxf5 39. Kxf5 Re1
40. Kxf6 1-0

[Event "Ontario op"]
[Site "Kitchener CAN"]
[Date "1996.05.19"]
[Round "4"]
[White "Day, Lawrence"]
[Black "Pacey, Kevin"]
[Result "1-0"]
[WhiteElo "2431"]
[BlackElo "2257"]
[PlyCount "59"]
[EventDate "1996.05.18"]
[EventType "swiss"]
[EventRounds "6"]
[EventCountry "CAN"]

1. e4 Nc6 2. Nc3 e5 3. f4 exf4 4. d4 Qh4+ 5. Ke2 d5 6. exd5 Bg4+ 7. Nf3 Nce7 8.
Bxf4 O-O-O 9. d6 Nf5 10. Kd3 Bxf3 11. Qxf3 Nxd4 12. Kxd4 Bxd6 13. Ke3 Re8+ 14.
Kd3 Qxf4 15. Qxf4 Bxf4 16. g3 Rd8+ 17. Kc4 Be5 18. Re1 Rd4+ 19. Kb3 f6 20. Nb5
Rd2 21. Nxa7+ Kb8 22. Nb5 Ne7 23. Bd3 Nc6 24. Re4 Rd8 25. h4 R8xd3+ 26. cxd3
Rxb2+ 27. Kc4 Na5+ 28. Kd5 Rxb5+ 29. Ke6 Bxg3 30. Kf7 1-0

[Event "Ontario op"]
[Site "Kitchener CAN"]
[Date "1996.05.19"]
[Round "4"]
[White "Taylor, Gordon"]
[Black "Wright, Stephen"]
[Result "1-0"]
[WhiteElo "2445"]
[BlackElo "2291"]
[PlyCount "35"]
[EventDate "1996.05.18"]
[EventType "swiss"]
[EventRounds "6"]
[EventCountry "CAN"]

1. d4 d5 2. c4 Nc6 3. Nf3 Bg4 4. cxd5 Bxf3 5. gxf3 Qxd5 6. e3 e5 7. Nc3 Bb4 8.
Bd2 Bxc3 9. bxc3 exd4 10. cxd4 Nge7 11. Be2 O-O 12. Rg1 Kh8 13. f4 f5 14. Bf3
Qd6 15. Qb3 Rad8 16. Rc1 Rfe8 17. Kf1 b6 18. Qc4 1-0

[Event "Ontario op"]
[Site "Kitchener CAN"]
[Date "1996.05.20"]
[Round "5"]
[White "Dougherty, Michael"]
[Black "Teodoro, Eduardo"]
[Result "1/2-1/2"]
[WhiteElo "2347"]
[BlackElo "2422"]
[PlyCount "85"]
[EventDate "1996.05.18"]
[EventType "swiss"]
[EventRounds "6"]
[EventCountry "CAN"]

1. d4 f5 2. e4 e6 3. exf5 exf5 4. Bd3 d5 5. Nf3 Bd6 6. O-O Ne7 7. c4 Ng6 8.
Re1+ Kf8 9. Nc3 c6 10. Bg5 Qd7 11. c5 Bc7 12. Ne5 Nxe5 13. dxe5 Qe6 14. Ne2 Qg6
15. Bf4 Nd7 16. e6 Ne5 17. Nd4 Nxd3 18. Bxc7 Nxe1 19. Qxe1 h6 20. Qe5 Kg8 21.
Nxf5 Kh7 22. Re1 Re8 23. Nd4 b6 24. f4 bxc5 25. f5 Qg4 26. Nf3 Rf8 27. e7 Re8
28. f6 gxf6 29. Qxf6 Qg7 30. Qxc6 Rxe7 31. Rxe7 Qxe7 32. Ne5 Be6 33. Bd6 Qe8
34. Qc7+ Bd7 35. Qxd7+ Qxd7 36. Nxd7 Rd8 37. Nf6+ Kg6 38. Be5 Kf5 39. Bc7 Rc8
40. Nxd5 Ke6 41. Nf4+ Kf5 42. Nd5 Ke6 43. Nf4+ 1/2-1/2

[Event "Ontario op"]
[Site "Kitchener CAN"]
[Date "1996.05.20"]
[Round "5"]
[White "Pacey, Kevin"]
[Black "Jung, Hans"]
[Result "1-0"]
[WhiteElo "2257"]
[BlackElo "2327"]
[PlyCount "81"]
[EventDate "1996.05.18"]
[EventType "swiss"]
[EventRounds "6"]
[EventCountry "CAN"]

1. d4 d5 2. e3 Nc6 3. f4 a6 4. Bd3 g6 5. Nf3 Bf5 6. O-O Nf6 7. Ne5 Bxd3 8. cxd3
Bg7 9. Nc3 Qd6 10. Bd2 O-O 11. Rc1 Nd8 12. Na4 Ne8 13. Qb3 b6 14. Bb4 Qe6 15.
Nc3 f6 16. Ng4 c6 17. h3 a5 18. Ba3 b5 19. Bc5 h5 20. Nf2 a4 21. Qa3 Qxe3 22.
Rce1 Qxf4 23. Rxe7 Nf7 24. Re6 Ng5 25. Rxc6 Qg3 26. Kh1 Bh6 27. Bd6 Qe3 28.
Nxd5 Qxd4 29. Qc5 Qxb2 30. Bxf8 Bxf8 31. Qc2 Qe5 32. Nb6 Rd8 33. Qc3 Qf4 34.
Kg1 Bb4 35. Qc1 Bd2 36. Qd1 Be3 37. Qe2 Rxd3 38. Qxd3 Nf3+ 39. gxf3 Qg3+ 40.
Kh1 Qxf3+ 41. Kh2 1-0

[Event "Ontario op"]
[Site "Kitchener CAN"]
[Date "1996.05.20"]
[Round "6"]
[White "Allan, Denis"]
[Black "Pacey, Kevin"]
[Result "1/2-1/2"]
[WhiteElo "2406"]
[BlackElo "2257"]
[PlyCount "41"]
[EventDate "1996.05.18"]
[EventType "swiss"]
[EventRounds "6"]
[EventCountry "CAN"]

1. g3 d5 2. Nf3 Nf6 3. Bg2 c6 4. b3 Bg4 5. Bb2 e6 6. d3 Nbd7 7. O-O Be7 8. c4
O-O 9. Nbd2 a5 10. a3 Ne8 11. Qc2 Bh5 12. Rfe1 Bg6 13. Bc3 Bf6 14. b4 Nd6 15.
Qb2 dxc4 16. dxc4 Ne4 17. Nxe4 Bxe4 18. Red1 axb4 19. axb4 Qe7 20. h4 Nb6 21.
Nd2 1/2-1/2

[Event "Ontario op"]
[Site "Kitchener CAN"]
[Date "1996.05.20"]
[Round "6"]
[White "Taylor, Gordon"]
[Black "Dougherty, Michael"]
[Result "1-0"]
[WhiteElo "2445"]
[BlackElo "2347"]
[PlyCount "115"]
[EventDate "1996.05.18"]
[EventType "swiss"]
[EventRounds "6"]
[EventCountry "CAN"]

1. Nf3 g6 2. d4 Bg7 3. c4 d6 4. Nc3 Nf6 5. e4 O-O 6. Be2 Na6 7. O-O c5 8. d5 h6
9. h3 Nc7 10. Bf4 Nd7 11. Qd2 Kh7 12. Rfe1 b6 13. Bd3 Ne5 14. Nxe5 dxe5 15. Bg3
Bd7 16. Rad1 h5 17. Bc2 Ne8 18. Qe2 Qc7 19. Bh4 f6 20. f4 Bh6 21. d6 exd6 22.
Nd5 Qb7 23. f5 Bc6 24. fxg6+ Kxg6 25. Rf1 Bxd5 26. exd5+ f5 27. Rxf5 Rxf5 28.
Bxf5+ Kg7 29. Qxh5 Qf7 30. Qg4+ Kh8 31. Be6 Qg7 32. Qf5 Be3+ 33. Kh1 Qh6 34.
Qf7 Ng7 35. Bf6 Kh7 36. Rf1 Bf4 37. Rf3 a6 38. g3 Bg5 39. Bf5+ Kh8 40. Bxg5
Qxg5 41. Be4 Rg8 42. Kg2 Qh6 43. Rf6 Qd2+ 44. Rf2 Qh6 45. Qg6 Qh5 46. g4 Qh4
47. Rf7 b5 48. b3 b4 49. Kh2 a5 50. Kg2 a4 51. bxa4 b3 52. axb3 Nf5 53. Qxf5
Rxg4+ 54. hxg4 Qxg4+ 55. Kf2 Qh4+ 56. Ke2 Qg4+ 57. Kd2 Qg5+ 58. Kc2 1-0

[Event "Ontario op"]
[Site "Kitchener CAN"]
[Date "1996.05.20"]
[Round "6"]
[White "Teodoro, Eduardo"]
[Black "Day, Lawrence"]
[Result "1-0"]
[WhiteElo "2422"]
[BlackElo "2431"]
[PlyCount "63"]
[EventDate "1996.05.18"]
[EventType "swiss"]
[EventRounds "6"]
[EventCountry "CAN"]

1. e4 d6 2. d4 g6 3. Bd3 e5 4. Ne2 Nc6 5. c3 Bg7 6. dxe5 Nxe5 7. Bc2 Nf6 8. f4
Ned7 9. O-O O-O 10. c4 Re8 11. Nbc3 Nc5 12. Ng3 Bg4 13. Qd2 Bd7 14. b4 Ne6 15.
Bb2 Ng4 16. Nge2 a5 17. a3 axb4 18. axb4 Rxa1 19. Bxa1 Qa8 20. h3 Qa7+ 21. c5
dxc5 22. hxg4 cxb4+ 23. Kh1 Rd8 24. Nd5 Bxa1 25. f5 Nc5 26. f6 Ne6 27. Qh6 Be5
28. Nef4 Bxf4 29. Nxf4 Qe3 30. g5 Kh8 31. Nxe6 Rg8 32. Nf8 1-0

[Event "Ontario-ch U16"]
[Site "Guelph CAN"]
[Date "1996.11.30"]
[Round "3"]
[White "Hacatoglu, Kevork"]
[Black "Matthews, Isaac"]
[Result "0-1"]
[WhiteElo "1961"]
[BlackElo "2027"]
[PlyCount "100"]
[EventDate "1996.11.30"]
[EventType "tourn"]
[EventRounds "5"]
[EventCountry "CAN"]
[Source "CFC"]
[SourceDate "1997.02.01"]

1. e4 e5 2. Nf3 Nf6 3. Nxe5 d6 4. Nf3 Nxe4 5. d4 d5 6. Bd3 Nc6 7. O-O Bg4 8.
Re1 f5 9. Be3 Bd6 10. c4 Nb4 11. Bg5 Bxf3 12. Qa4+ b5 13. Qxb5+ c6 14. Qxc6+
Nxc6 15. Bxd8 Kxd8 16. gxf3 Ng5 17. Kg2 Nxd4 18. f4 Bxf4 19. cxd5 Rb8 20. b3
Ndf3 21. Na3 Nxe1+ 22. Rxe1 Re8 23. Rd1 g6 24. Nc4 Ne4 25. Na5 Rb6 26. Nc6+
Rxc6 27. dxc6 Kc7 28. Bb5 Rd8 29. Re1 Rd2 30. Kg1 Kb6 31. a4 Nxf2 32. Re7 Bc7
33. Rxh7 a6 34. Bxa6 Kxa6 35. Rxc7 Kb6 36. Rd7 Nh3+ 37. Kf1 Rxd7 38. cxd7 Kc7
39. a5 Kxd7 40. b4 Kc6 41. a6 Kb6 42. b5 Nf4 43. Kf2 Nd5 44. Kf3 g5 45. Kg3 Kc5
46. h4 gxh4+ 47. Kxh4 Kd4 48. Kg3 Ke3 49. Kg2 f4 50. Kf1 Kf3 0-1

[Event "Ontario-ch U20"]
[Site "Ottawa CAN"]
[Date "1996.10.19"]
[Round "1"]
[White "Matthews, Isaac"]
[Black "Allen, Graham"]
[Result "1-0"]
[WhiteElo "1916"]
[BlackElo "2097"]
[PlyCount "67"]
[EventDate "1996.10.19"]
[EventType "tourn"]
[EventRounds "5"]
[EventCountry "CAN"]

1. d4 Nf6 2. c4 g6 3. Nc3 Bg7 4. e4 d6 5. Nf3 O-O 6. Be2 e5 7. O-O Nc6 8. d5
Ne7 9. Nd2 Nd7 10. b4 f5 11. f3 c6 12. dxc6 Nxc6 13. c5 dxc5 14. bxc5 Nxc5 15.
Nd5 fxe4 16. Ba3 exf3 17. Bxf3 b6 18. Ne4 Nd4 19. Nxc5 Nxf3+ 20. Rxf3 bxc5 21.
Bxc5 Re8 22. Rd3 Kh8 23. Nb6 Qc7 24. Nxa8 Qxc5+ 25. Kh1 Qe7 26. Rc1 Bf5 27. Nc7
Bxd3 28. Nxe8 Bh6 29. Rc8 e4 30. Qa1+ Kg8 31. Qc3 Qe6 32. Nf6+ Kf7 33. Rc7+ Kf8
34. Qc5+ 1-0

[Event "Ontario-ch U20"]
[Site "Ottawa CAN"]
[Date "1996.10.19"]
[Round "2"]
[White "Dutton, Warren"]
[Black "Allen, Graham"]
[Result "1-0"]
[WhiteElo "2099"]
[BlackElo "2097"]
[PlyCount "127"]
[EventDate "1996.10.19"]
[EventType "tourn"]
[EventRounds "5"]
[EventCountry "CAN"]

1. e4 e6 2. Qe2 Nc6 3. c3 b6 4. f4 Bb7 5. Nf3 Nge7 6. g3 d5 7. e5 d4 8. d3 dxc3
9. bxc3 Qd7 10. Bg2 O-O-O 11. d4 f6 12. O-O Nd5 13. exf6 gxf6 14. Re1 Re8 15.
c4 Ba6 16. Bh3 Nd8 17. f5 Qa4 18. fxe6 Kb8 19. Nfd2 Rg8 20. Qe4 Nb4 21. Bf5 Bb7
22. d5 Bc5+ 23. Kh1 Re7 24. Bb2 Rge8 25. Nc3 Qa6 26. a3 Nbc6 27. dxc6 Bxc6 28.
Nd5 Nxe6 29. Qg4 Ng7 30. Rxe7 Rxe7 31. Bc2 Ne8 32. Be4 f5 33. Qxf5 Nd6 34. Qf8+
Re8 35. Qf4 Qb7 36. Bf3 b5 37. Nf6 Rd8 38. Rf1 Nxc4 39. Nxc4 bxc4 40. Bxc6
Qxc6+ 41. Qe4 Qa6 42. Rb1 Bb6 43. Be5 Qxa3 44. Qc6 Qe7 45. Bf4 Qf7 46. Ne4 Qd7
47. Qxc4 Rc8 48. Nf6 Qf5 49. Ne4 h5 50. Rc1 h4 51. Rf1 Qg4 52. Nd6 hxg3 53.
Bxg3 Qxc4 54. Nxc4 Bc5 55. Kg2 Kb7 56. Rf7 Bb4 57. Nd6+ Bxd6 58. Bxd6 Kc6 59.
Rf8 Rxf8 60. Bxf8 Kd5 61. Kf3 c5 62. Ke3 a5 63. Kd3 a4 64. Kc3 1-0

[Event "Ontario-ch U20"]
[Site "Ottawa CAN"]
[Date "1996.10.19"]
[Round "2"]
[White "Kirby, Patrick"]
[Black "Matthews, Isaac"]
[Result "0-1"]
[WhiteElo "1936"]
[BlackElo "1916"]
[PlyCount "68"]
[EventDate "1996.10.19"]
[EventType "tourn"]
[EventRounds "5"]
[EventCountry "CAN"]

1. Nf3 g6 2. c4 Bg7 3. g3 e5 4. Nc3 Nc6 5. Bg2 Nge7 6. O-O O-O 7. d3 d6 8. Rb1
a5 9. a3 f5 10. Bd2 h6 11. b4 axb4 12. axb4 Qe8 13. b5 Nd8 14. Ne1 Ne6 15. Nc2
g5 16. Nb4 f4 17. Ncd5 Ng6 18. Bc3 h5 19. Ra1 Rxa1 20. Qxa1 g4 21. Nc2 h4 22.
Qd1 Ng5 23. Nxc7 Qd7 24. Nd5 f3 25. exf3 gxf3 26. Nb6 Qe8 27. Nxc8 Qxc8 28. Ne3
fxg2 29. Nxg2 Nf3+ 30. Kh1 Qh3 31. Qxf3 Rxf3 32. Ne3 hxg3 33. fxg3 Rxf1+ 34.
Nxf1 Qxf1# 0-1

[Event "Ontario-ch U20"]
[Site "Ottawa CAN"]
[Date "1996.10.19"]
[Round "3"]
[White "Allen, Graham"]
[Black "Kirby, Patrick"]
[Result "1/2-1/2"]
[WhiteElo "2097"]
[BlackElo "1936"]
[PlyCount "83"]
[EventDate "1996.10.19"]
[EventType "tourn"]
[EventRounds "5"]
[EventCountry "CAN"]

1. d4 f5 2. c4 Nf6 3. Nc3 g6 4. Nf3 d6 5. g3 Bg7 6. Bg2 O-O 7. O-O Qe8 8. Qb3
Na6 9. Re1 c5 10. d5 Nh5 11. e4 Nb4 12. Nb5 fxe4 13. Rxe4 Nf6 14. Re2 Qd8 15.
Bd2 a6 16. Na3 b5 17. cxb5 Bb7 18. Ng5 Qd7 19. Ne6 Rf7 20. Bxb4 cxb4 21. Nc4
Nxd5 22. Rd1 Qxb5 23. a4 bxa3 24. Qxb5 axb5 25. Nxa3 Rxa3 26. bxa3 Nc3 27. Bxb7
Nxe2+ 28. Kf1 Nc3 29. Rc1 Bh8 30. Ke1 Rf5 31. f4 b4 32. axb4 Rb5 33. Ba6 Rxb4
34. Kd2 Rb2+ 35. Rc2 Ne4+ 36. Kd3 Rxc2 37. Kxc2 Kf7 38. Bc4 Kf6 39. Kd3 Nc5+
40. Nxc5 dxc5 41. Ke4 e6 42. g4 1/2-1/2

[Event "Ontario-ch U20"]
[Site "Ottawa CAN"]
[Date "1996.10.19"]
[Round "3"]
[White "Marshall, Peter"]
[Black "Dutton, Warren"]
[Result "0-1"]
[WhiteElo "2228"]
[BlackElo "2099"]
[PlyCount "96"]
[EventDate "1996.10.19"]
[EventType "tourn"]
[EventRounds "5"]
[EventCountry "CAN"]

1. e4 e5 2. f4 d5 3. exd5 e4 4. Nc3 Nf6 5. d3 Bb4 6. Bd2 exd3 7. Bxd3 O-O 8.
Nf3 Re8+ 9. Ne2 Bxd2+ 10. Qxd2 Qxd5 11. O-O Qc5+ 12. Kh1 Nc6 13. Ng3 Bg4 14. c3
Rad8 15. Qc2 Re3 16. Ne4 Nxe4 17. Bxe4 f5 18. Bxc6 Qxc6 19. Ne5 Qd5 20. Nxg4
fxg4 21. Rad1 Rd3 22. Rxd3 Qxd3 23. Qb3+ Kh8 24. Re1 Qd2 25. Qe6 h6 26. Qe7 Qd6
27. Kg1 Qb6+ 28. Kf1 Rg8 29. Re2 Qa5 30. a3 Qh5 31. Kg1 Qb5 32. Qe5 Qd3 33. Qe6
Rf8 34. Qxg4 Qd1+ 35. Kf2 g5 36. g3 gxf4 37. gxf4 Rg8 38. Qh3 Qg1+ 39. Kf3 Qh1+
40. Ke3 Qc1+ 41. Kd4 Qd1+ 42. Kc5 b6+ 43. Kc6 Rg6+ 44. Re6 Qa4+ 45. Kb7 Qd7 46.
Re3 Qc6+ 47. Ka6 b5+ 48. Ka5 Qa6+ 0-1